000 00423nam a2200181Ia 4500
001 24534
005 20260414151050.0
008 260414t2005||||xx |||||||||||||| ||spa||
041 _aESP
082 _a345.72
_bF18
100 _aFalcón, Enrique M.
_eAUT
245 0 _aCómo hacer una demanda
_b
260 _c2005
300 _a112 páginas :
_c18 cm.
650 _aDER
654 _aCDE
942 _cLIB
_dJUS
_fJUS
_2ddc
_n
999 _c24534
_d24534